<?xml version="1.0" encoding="UTF-8"?>
<record
    xmlns:xsi="http://www.w3.org/2001/XMLSchema-instance"
    xsi:schemaLocation="http://www.loc.gov/MARC21/slim http://www.loc.gov/standards/marcxml/schema/MARC21slim.xsd"
    xmlns="http://www.loc.gov/MARC21/slim">

  <leader>00939nas a22001937a 4500</leader>
  <controlfield tag="005">20140326164846.0</controlfield>
  <controlfield tag="006">a|||||r|||| 00| 0 </controlfield>
  <controlfield tag="007">ta</controlfield>
  <controlfield tag="008">140326b        xxu||||| |||| 00| 0 eng d</controlfield>
  <datafield tag="245" ind1=" " ind2=" ">
    <subfield code="a">Ekal prayas &#x90F;&#x915;&#x932; &#x92A;&#x94D;&#x930;&#x92F;&#x93E;&#x938; : </subfield>
    <subfield code="b">a family magazine with social concern &#x938;&#x93E;&#x92E;&#x93E;&#x91C;&#x93F;&#x915; &#x938;&#x930;&#x94B;&#x915;&#x93E;&#x930; &#x915;&#x940; &#x92A;&#x93E;&#x930;&#x93F;&#x935;&#x93E;&#x930;&#x93F;&#x915; &#x92A;&#x924;&#x94D;&#x930;&#x93F;&#x915;&#x93E; /</subfield>
    <subfield code="c">edited by Ajay Singh</subfield>
  </datafield>
  <datafield tag="246" ind1=" " ind2=" ">
    <subfield code="a">&#x90F;&#x915;&#x932; &#x92A;&#x94D;&#x930;&#x92F;&#x93E;&#x938; :</subfield>
    <subfield code="b">&#x938;&#x93E;&#x92E;&#x93E;&#x91C;&#x93F;&#x915; &#x938;&#x930;&#x94B;&#x915;&#x93E;&#x930; &#x915;&#x940; &#x92A;&#x93E;&#x930;&#x93F;&#x935;&#x93E;&#x930;&#x93F;&#x915; &#x92A;&#x924;&#x94D;&#x930;&#x93F;&#x915;&#x93E; </subfield>
  </datafield>
  <datafield tag="260" ind1=" " ind2=" ">
    <subfield code="a">New Delhi</subfield>
    <subfield code="b">Ajay Singh, Ekal Sansthan,</subfield>
    <subfield code="c">2013</subfield>
  </datafield>
  <datafield tag="300" ind1=" " ind2=" ">
    <subfield code="a">v.</subfield>
    <subfield code="c">24 cm (Pbk)</subfield>
  </datafield>
  <datafield tag="310" ind1=" " ind2=" ">
    <subfield code="a">quarterly</subfield>
  </datafield>
  <datafield tag="700" ind1=" " ind2=" ">
    <subfield code="a">Ajay Singh, Ed.</subfield>
  </datafield>
  <datafield tag="856" ind1=" " ind2=" ">
    <subfield code="u">http://ekalprayas.org/</subfield>
  </datafield>
  <datafield tag="270" ind1=" " ind2=" ">
    <subfield code="a">Ist Floor, Plot No 8, Universal chambers, DDA shopping complex, Okhla Industrial Area-II</subfield>
    <subfield code="b">New Delhi</subfield>
    <subfield code="e">110020</subfield>
    <subfield code="k">40503331</subfield>
    <subfield code="m">ekalprayas@gmail.com</subfield>
    <subfield code="z">ekalprayas.org</subfield>
  </datafield>
  <datafield tag="942" ind1=" " ind2=" ">
    <subfield code="2">ddc</subfield>
    <subfield code="c">SR</subfield>
    <subfield code="s">1</subfield>
  </datafield>
  <datafield tag="999" ind1=" " ind2=" ">
    <subfield code="c">83180</subfield>
    <subfield code="d">83180</subfield>
  </datafield>
  <datafield tag="952" ind1=" " ind2=" ">
    <subfield code="0">0</subfield>
    <subfield code="1">0</subfield>
    <subfield code="2">ddc</subfield>
    <subfield code="4">0</subfield>
    <subfield code="7">1</subfield>
    <subfield code="8">NFIC</subfield>
    <subfield code="a">DBAD</subfield>
    <subfield code="b">DBAD</subfield>
    <subfield code="d">2014-03-26</subfield>
    <subfield code="l">0</subfield>
    <subfield code="r">2014-03-26 00:00:00</subfield>
    <subfield code="w">2014-03-26</subfield>
    <subfield code="y">SR</subfield>
  </datafield>
</record>
